=LDR 00000nam 2200000 4500 =001 NUTBA000000000005489 =005 20141031104944.0 =006 =007 =008 =020 ##$$a 978-602-8871-46-4 =035 ##$$a 0010-101400000000719 =040 ##$$a NBPDMAT =082 ##$$a 912 =090 ##$$a 912 $b Fif m =100 ##$$a Fifin Septianawati =245 ##$$a Mengenal seluk beluk peta / $c Fifin Septianawati =250 ##$$a Cet.3 =260 ##$$a Jakarta : $b Rama Edukasitama, $c 2011 =300 ##$$a v, 66 hlm. : $b ilus. ; $c 25 cm. =500 ##$$a Bibliografi : hlm. 66 =650 ##$$a Peta =850 ##$$a NBPDMAT